| 000 | 00780nam a22002657a 4500 | ||
|---|---|---|---|
| 001 | 7684 | ||
| 003 | FISKH | ||
| 005 | 20250731093108.0 | ||
| 008 | 250731b cb ||||| |||| 00| 0 eng d | ||
| 040 |
_aFISKH _beng _cFISKH _dFISKH |
||
| 050 | _a E185.J6 | ||
| 082 | _a920 | ||
| 100 | _aJohnston, Johanna | ||
| 245 |
_aA special bravery / _cBy Johanna Johnston |
||
| 260 |
_aChicago : _bScience Research Associates , Inc., _c1967. |
||
| 300 |
_a28 pages : _bcolor illustrations ; _c21 cm . |
||
| 505 | _aK | ||
| 521 | 8 |
_a510
_bLexile estimate |
|
| 521 | 8 |
_aK
_bRaz-Plus |
|
| 650 |
_aAfrican American biography _vNon-fiction |
||
| 650 |
_aHistory and Geography _vNon-fiction |
||
| 700 |
_aAshmead, Hal _eIllustrator |
||
| 942 |
_2ddc _cBK _n0 |
||
| 999 |
_c7684 _d7684 |
||